Top 5 Songs On Watch The Throne (JAY-Z, Kanye West) - Statistics

General Stats
  • This quiz has been taken 64 times
  • The average score is 3 of 5
Answer Stats
Hint Answer % Correct
1,093,854,314 Ni**as In Paris
93%
177,133,734 Otis
91%
303,458,653 No Church In The Wild
88%
135,419,679 Gotta Have It
48%
88,464,785 Who Gon Stop Me
29%
No matching quizzes found
Score Distribution
Percent of People with Each Score
Percentile by Number Answered
Your Score History
You have not taken this quiz